{"text_format":"3","workbook":"xlsx","n_sheets":1,"sheets":["t334"],"read":"whole","date_system":"1900"}

{"sheet":"t334","index":0,"n_rows":192,"n_cols":7,"rows_kept":192,"merged":[[0,0,0,6],[30,0,30,5],[48,0,48,5],[150,0,150,5]]}
["TABELA 334.1 - Estatísticas Agrícolas, Município de Mineiros do Tietê, Estado de São Paulo, 2007/08."]
["ITEM","UNIDADE","N.DE UPAs","MÍNIMO","MÉDIO","MÁXIMO","TOTAL"]
["Distância à sede do município","km",325,0.1,{"v":5.79,"d":"5.8"},{"v":28,"d":"28.0"},"-"]
["Área total","hectare",325,0.6,{"v":60.13,"d":"60.1"},{"v":1153.1,"d":"1,153.1"},{"v":19542.3,"d":"19,542.3"}]
["Área com cultura perene","hectare",77,0.1,{"v":8.25,"d":"8.3"},227.8,635.2]
["Área com cultura temporária","hectare",284,0.1,48.4,644.6,{"v":13746,"d":"13,746.0"}]
["Área com pastagem","hectare",147,0.4,19.2,435.8,{"v":2822.9,"d":"2,822.9"}]
["Área com reflorestamento","hectare",34,0.1,{"v":8.07,"d":"8.1"},75.3,274.4]
["Área com vegetação natural","hectare",202,0.1,{"v":6.79,"d":"6.8"},130.7,{"v":1370.8,"d":"1,370.8"}]
["Área com vegetação de brejo e várzea","hectare",13,0.5,4.9,{"v":25,"d":"25.0"},63.7]
["Área em descanso","hectare",20,0.4,{"v":6.57,"d":"6.6"},39.2,131.4]
["Área complementar","hectare",193,0.1,{"v":2.58,"d":"2.6"},65.7,497.9]
["Área das UPAs com (0, 1] ha","hectare",1,0.6,0.6,0.6,0.6]
["Área das UPAs com (1, 2] ha","hectare",5,1.1,{"v":1.74,"d":"1.7"},{"v":2,"d":"2.0"},8.7]
["Área das UPAs com (2, 5] ha","hectare",36,2.4,{"v":3.88,"d":"3.9"},4.9,139.6]
["Área das UPAs com (5, 10] ha","hectare",37,{"v":6,"d":"6.0"},{"v":8.19,"d":"8.2"},9.8,303.2]
["Área das UPAs com (10, 20] ha","hectare",65,10.1,{"v":15.17,"d":"15.2"},{"v":20,"d":"20.0"},{"v":986,"d":"986.0"}]
["Área das UPAs com (20, 50] ha","hectare",92,20.3,{"v":31.51,"d":"31.5"},48.4,{"v":2898.5,"d":"2,898.5"}]
["Área das UPAs com (50, 100] ha","hectare",46,50.5,{"v":70.37,"d":"70.4"},98.2,{"v":3236.8,"d":"3,236.8"}]
["Área das UPAs com (100, 200] ha","hectare",26,105.9,{"v":150.82,"d":"150.8"},186.3,{"v":3921.3,"d":"3,921.3"}]
["Área das UPAs com (200, 500] ha","hectare",10,205.4,{"v":340.05,"d":"340.1"},481.8,{"v":3400.5,"d":"3,400.5"}]
["Área das UPAs com (500, 1.000] ha","hectare",6,{"v":511,"d":"511.0"},{"v":582.33,"d":"582.3"},677.6,{"v":3494,"d":"3,494.0"}]
["Área das UPAs com (1.000, 2.000] ha","hectare",1,{"v":1153.1,"d":"1,153.1"},{"v":1153.1,"d":"1,153.1"},{"v":1153.1,"d":"1,153.1"},{"v":1153.1,"d":"1,153.1"}]
["Área das UPAs com (2.000, 5.000] ha","hectare","-","-","-","-","-"]
["Área das UPAs com (5.000, 10.000] ha","hectare","-","-","-","-","-"]
["Área das UPAs acima de 10.000 ha","hectare","-","-","-","-","-"]
["Familiares do proprietário que trabalham na UPA","unidade",227,{"v":1,"d":"1.0"},{"v":1.86,"d":"1.9"},{"v":6,"d":"6.0"},{"v":422,"d":"422.0"}]
["Trabalhadores permanentes","unidade",129,{"v":1,"d":"1.0"},{"v":7.55,"d":"7.6"},{"v":80,"d":"80.0"},{"v":974,"d":"974.0"}]
["Fonte: Secretaria de Agricultura e Abastecimento, CDRS/IEA, Projeto LUPA."]
[]
["TABELA 334.2 - Explorações Animais, Município de Mineiros do Tietê, Estado de São Paulo, 2007/08."]
["ITEM","UNIDADE","N.DE UPAs","MÍNIMO","MÉDIO","MÁXIMO","TOTAL"]
["Asininos E Muares","cabeças",6,{"v":1,"d":"1.0"},{"v":3,"d":"3.0"},{"v":5,"d":"5.0"},{"v":18,"d":"18.0"}]
["Avestruzes e Ema (Criadouro)","cabeças",1,{"v":4,"d":"4.0"},{"v":4,"d":"4.0"},{"v":4,"d":"4.0"},{"v":4,"d":"4.0"}]
["Avicultura de Corte","cabeças/ano",4,{"v":15000,"d":"15,000.0"},{"v":91250,"d":"91,250.0"},{"v":150000,"d":"150,000.0"},{"v":365000,"d":"365,000.0"}]
["Avicultura Ornamental/Decorativa/Exótica","cabeças",2,{"v":14,"d":"14.0"},14.5,{"v":15,"d":"15.0"},{"v":29,"d":"29.0"}]
["Avicultura para Ovos","cabeças",1,{"v":30,"d":"30.0"},{"v":30,"d":"30.0"},{"v":30,"d":"30.0"},{"v":30,"d":"30.0"}]
["Bovinocultura de Corte","cabeças",8,{"v":3,"d":"3.0"},{"v":189.88,"d":"189.9"},{"v":704,"d":"704.0"},{"v":1519,"d":"1,519.0"}]
["Bovinocultura Leiteira","cabeças",15,{"v":1,"d":"1.0"},{"v":11.13,"d":"11.1"},{"v":40,"d":"40.0"},{"v":167,"d":"167.0"}]
["Bovinocultura Mista","cabeças",88,{"v":1,"d":"1.0"},{"v":23.73,"d":"23.7"},{"v":300,"d":"300.0"},{"v":2088,"d":"2,088.0"}]
["Bubalinocultura","cabeças",2,{"v":4,"d":"4.0"},{"v":7,"d":"7.0"},{"v":10,"d":"10.0"},{"v":14,"d":"14.0"}]
["Caprinocultura","cabeças",3,{"v":4,"d":"4.0"},{"v":7.33,"d":"7.3"},{"v":10,"d":"10.0"},{"v":22,"d":"22.0"}]
["Equinocultura","cabeças",71,{"v":1,"d":"1.0"},{"v":3,"d":"3.0"},{"v":33,"d":"33.0"},{"v":213,"d":"213.0"}]
["Ovinocultura","cabeças",9,{"v":2,"d":"2.0"},{"v":8.78,"d":"8.8"},{"v":20,"d":"20.0"},{"v":79,"d":"79.0"}]
["Piscicultura","m² tanques",5,{"v":60,"d":"60.0"},{"v":3162,"d":"3,162.0"},{"v":10000,"d":"10,000.0"},{"v":15810,"d":"15,810.0"}]
["Suinocultura","cabeças",19,{"v":3,"d":"3.0"},{"v":148.68,"d":"148.7"},{"v":2000,"d":"2,000.0"},{"v":2825,"d":"2,825.0"}]
["Fonte: Secretaria de Agricultura e Abastecimento, CDRS/IEA, Projeto LUPA."]
[]
["TABELA 334.3 -  Máquinas, Implementos e Benfeitorias, Município de Mineiros do Tietê, Estado de São Paulo, 2007/08."]
["ITEM","UNIDADE","N.DE UPAs","MÍNIMO","MÉDIO","MÁXIMO","TOTAL"]
["Arado Comum (Bacia, Aiveca)","Unidade",15,{"v":1,"d":"1.0"},{"v":1.07,"d":"1.1"},{"v":2,"d":"2.0"},{"v":16,"d":"16.0"}]
["Arado Escarificador","Unidade",33,{"v":1,"d":"1.0"},{"v":1.27,"d":"1.3"},{"v":3,"d":"3.0"},{"v":42,"d":"42.0"}]
["Arado Subsolador","Unidade",23,{"v":1,"d":"1.0"},{"v":1.35,"d":"1.4"},{"v":3,"d":"3.0"},{"v":31,"d":"31.0"}]
["Batedeira de Cereais","Unidade",1,{"v":1,"d":"1.0"},{"v":1,"d":"1.0"},{"v":1,"d":"1.0"},{"v":1,"d":"1.0"}]
["Carregadeira de Cana","Unidade",13,{"v":1,"d":"1.0"},{"v":1.92,"d":"1.9"},{"v":4,"d":"4.0"},{"v":25,"d":"25.0"}]
["Colhedeira Acoplada","Unidade",1,{"v":1,"d":"1.0"},{"v":1,"d":"1.0"},{"v":1,"d":"1.0"},{"v":1,"d":"1.0"}]
["Colhedeira Automotriz","Unidade",1,{"v":1,"d":"1.0"},{"v":1,"d":"1.0"},{"v":1,"d":"1.0"},{"v":1,"d":"1.0"}]
["Computador","Unidade",2,{"v":1,"d":"1.0"},{"v":6,"d":"6.0"},{"v":11,"d":"11.0"},{"v":12,"d":"12.0"}]
["Conj.Irrigação Autopropelido","Unidade",2,{"v":1,"d":"1.0"},{"v":1,"d":"1.0"},{"v":1,"d":"1.0"},{"v":2,"d":"2.0"}]
["Conj.Irrigação Convencional","Unidade",4,{"v":1,"d":"1.0"},{"v":1,"d":"1.0"},{"v":1,"d":"1.0"},{"v":4,"d":"4.0"}]
["Conj.Irrigação/Gotejamento/Microaspersão","Unidade",1,{"v":1,"d":"1.0"},{"v":1,"d":"1.0"},{"v":1,"d":"1.0"},{"v":1,"d":"1.0"}]
["Conjunto de Fenação","Unidade",1,{"v":1,"d":"1.0"},{"v":1,"d":"1.0"},{"v":1,"d":"1.0"},{"v":1,"d":"1.0"}]
["Desintegrador, Picador, Triturador","Unidade",58,{"v":1,"d":"1.0"},{"v":1.26,"d":"1.3"},{"v":8,"d":"8.0"},{"v":73,"d":"73.0"}]
["Distribuidor de Calcário","Unidade",5,{"v":1,"d":"1.0"},1.6,{"v":3,"d":"3.0"},{"v":8,"d":"8.0"}]
["Ensiladeira","Unidade",5,{"v":1,"d":"1.0"},1.6,{"v":3,"d":"3.0"},{"v":8,"d":"8.0"}]
["Grade Aradora (Tipo Romi)","Unidade",17,{"v":1,"d":"1.0"},{"v":1.29,"d":"1.3"},{"v":3,"d":"3.0"},{"v":22,"d":"22.0"}]
["Grade Niveladora","Unidade",22,{"v":1,"d":"1.0"},{"v":1.18,"d":"1.2"},{"v":3,"d":"3.0"},{"v":26,"d":"26.0"}]
["Implementos para Tração Animal","Unidade",2,{"v":1,"d":"1.0"},1.5,{"v":2,"d":"2.0"},{"v":3,"d":"3.0"}]
["Microtrator","Unidade",1,{"v":1,"d":"1.0"},{"v":1,"d":"1.0"},{"v":1,"d":"1.0"},{"v":1,"d":"1.0"}]
["Misturador de Ração","Unidade",2,{"v":1,"d":"1.0"},{"v":1,"d":"1.0"},{"v":1,"d":"1.0"},{"v":2,"d":"2.0"}]
["Ordenhadeira Mecânica","Unidade",1,{"v":1,"d":"1.0"},{"v":1,"d":"1.0"},{"v":1,"d":"1.0"},{"v":1,"d":"1.0"}]
["Pulverizador Tratorizado","Unidade",21,{"v":1,"d":"1.0"},{"v":1.38,"d":"1.4"},{"v":4,"d":"4.0"},{"v":29,"d":"29.0"}]
["Resfriador de Leite, Tanque Expansão","Unidade",3,{"v":1,"d":"1.0"},{"v":1,"d":"1.0"},{"v":1,"d":"1.0"},{"v":3,"d":"3.0"}]
["Semeadeira/Adubadeira para Plantio Convencional","Unidade",2,{"v":1,"d":"1.0"},3.5,{"v":6,"d":"6.0"},{"v":7,"d":"7.0"}]
["Semeadeira/Plantadeira Plantio Direto","Unidade",6,{"v":1,"d":"1.0"},{"v":1.17,"d":"1.2"},{"v":2,"d":"2.0"},{"v":7,"d":"7.0"}]
["Terraceador","Unidade",8,{"v":1,"d":"1.0"},{"v":1.25,"d":"1.3"},{"v":3,"d":"3.0"},{"v":10,"d":"10.0"}]
["Trator de Esteiras","Unidade",4,{"v":1,"d":"1.0"},{"v":1,"d":"1.0"},{"v":1,"d":"1.0"},{"v":4,"d":"4.0"}]
["Trator de Pneus","Unidade",50,{"v":1,"d":"1.0"},{"v":2.46,"d":"2.5"},{"v":17,"d":"17.0"},{"v":123,"d":"123.0"}]
["Açude/Represa","Unidade",44,{"v":1,"d":"1.0"},1.3,{"v":6,"d":"6.0"},{"v":57,"d":"57.0"}]
["Adega Cantina","Unidade",1,{"v":1,"d":"1.0"},{"v":1,"d":"1.0"},{"v":1,"d":"1.0"},{"v":1,"d":"1.0"}]
["Alambique","Unidade",1,{"v":1,"d":"1.0"},{"v":1,"d":"1.0"},{"v":1,"d":"1.0"},{"v":1,"d":"1.0"}]
["Almoxarifado/Oficina","Unidade",8,{"v":1,"d":"1.0"},{"v":1,"d":"1.0"},{"v":1,"d":"1.0"},{"v":8,"d":"8.0"}]
["Armazém para Grãos Ensacados","Sacas",4,{"v":1,"d":"1.0"},{"v":1,"d":"1.0"},{"v":1,"d":"1.0"},{"v":4,"d":"4.0"}]
["Balança para Bovinos","Unidade",2,{"v":1,"d":"1.0"},{"v":1,"d":"1.0"},{"v":1,"d":"1.0"},{"v":2,"d":"2.0"}]
["Balança para Veículos","Unidade",1,{"v":1,"d":"1.0"},{"v":1,"d":"1.0"},{"v":1,"d":"1.0"},{"v":1,"d":"1.0"}]
["Barracão para Granja/Avicultura","Unidade",13,{"v":1,"d":"1.0"},{"v":1.23,"d":"1.2"},{"v":2,"d":"2.0"},{"v":16,"d":"16.0"}]
["Barracão/Galpão/Garagem","Unidade",78,{"v":1,"d":"1.0"},{"v":1.22,"d":"1.2"},{"v":3,"d":"3.0"},{"v":95,"d":"95.0"}]
["Casa de Moradia Habitada","Unidade",138,{"v":1,"d":"1.0"},{"v":1.39,"d":"1.4"},{"v":8,"d":"8.0"},{"v":192,"d":"192.0"}]
["Casa de Moradia Total","Unidade",160,{"v":1,"d":"1.0"},{"v":1.76,"d":"1.8"},{"v":10,"d":"10.0"},{"v":282,"d":"282.0"}]
["Curral/Mangueira","Unidade",80,{"v":1,"d":"1.0"},{"v":1.09,"d":"1.1"},{"v":3,"d":"3.0"},{"v":87,"d":"87.0"}]
["Depósito/Tulha","Unidade",91,{"v":1,"d":"1.0"},{"v":1.14,"d":"1.1"},{"v":3,"d":"3.0"},{"v":104,"d":"104.0"}]
["Estábulo","Unidade",27,{"v":1,"d":"1.0"},{"v":1,"d":"1.0"},{"v":1,"d":"1.0"},{"v":27,"d":"27.0"}]
["Estufa/Plasticultura","m²",2,{"v":80,"d":"80.0"},{"v":1540,"d":"1,540.0"},{"v":3000,"d":"3,000.0"},{"v":3080,"d":"3,080.0"}]
["Fábrica de Ração","Unidade",2,{"v":1,"d":"1.0"},{"v":1,"d":"1.0"},{"v":1,"d":"1.0"},{"v":2,"d":"2.0"}]
["Instalações para Equinos","Unidade",5,{"v":1,"d":"1.0"},3.2,{"v":10,"d":"10.0"},{"v":16,"d":"16.0"}]
["Pocilga","Unidade",36,{"v":1,"d":"1.0"},{"v":1.69,"d":"1.7"},{"v":6,"d":"6.0"},{"v":61,"d":"61.0"}]
["Poço Semi-Artesiano","Unidade",1,{"v":2,"d":"2.0"},{"v":2,"d":"2.0"},{"v":2,"d":"2.0"},{"v":2,"d":"2.0"}]
["Posto Meteorológico","Unidade",1,{"v":1,"d":"1.0"},{"v":1,"d":"1.0"},{"v":1,"d":"1.0"},{"v":1,"d":"1.0"}]
["Terreiro","m²",61,{"v":1,"d":"1.0"},{"v":323.21,"d":"323.2"},{"v":3600,"d":"3,600.0"},{"v":19716,"d":"19,716.0"}]
["Fonte: Secretaria de Agricultura e Abastecimento, CDRS/IEA, Projeto LUPA."]
[]
["TABELA 334.4 - Outras Estatísticas Agrícolas, Município de Mineiros do Tietê, Estado de São Paulo, 2007/08."]
["ITEM","Número de UPAs",null,"Percentual"]
["Faz Parte de Associação de Produtores",190,null,{"v":58.46153846153846,"d":"58.5"}]
["Faz Parte de Cooperativa de Produtores",192,null,{"v":59.07692307692307,"d":"59.1"}]
["Faz Parte do Sindicato de Produtores",140,null,{"v":43.07692307692308,"d":"43.1"}]
["Não utiliza assistência técnica ",28,null,{"v":8.615384615384615,"d":"8.6"}]
["Utiliza somente assistência técnica governamental ",79,null,{"v":24.307692307692307,"d":"24.3"}]
["Utiliza somente assistência técnica privada ",116,null,{"v":35.69230769230769,"d":"35.7"}]
["Utiliza assistência técnica tanto governamental quanto privada",102,null,{"v":31.384615384615383,"d":"31.4"}]
["Utiliza Crédito Rural",36,null,{"v":11.076923076923077,"d":"11.1"}]
["Utiliza Seguro Rural",15,null,{"v":4.615384615384616,"d":"4.6"}]
["Utiliza Escrituração Agrícola",281,null,{"v":86.46153846153847,"d":"86.5"}]
["Acessa Internet p/ Fins na Agropecuária",74,null,{"v":22.76923076923077,"d":"22.8"}]
["Utiliza Computador nas Atividades Agropecuárias",90,null,{"v":27.692307692307693,"d":"27.7"}]
["Utiliza Energia Elétrica Para Uso na Atividade Agrícola",160,null,{"v":49.230769230769226,"d":"49.2"}]
["Realiza Análise de Solo, quando necessário",144,null,{"v":44.30769230769231,"d":"44.3"}]
["Utiliza Práticas de Conservação de Solo, quando necessário",233,null,{"v":71.6923076923077,"d":"71.7"}]
["Faz Adubação Mineral, quando necessário",271,null,{"v":83.38461538461537,"d":"83.4"}]
["Faz Adubação Orgânica, quando necessário",231,null,{"v":71.07692307692307,"d":"71.1"}]
["Faz Adubação Verde, quando necessário",37,null,{"v":11.384615384615385,"d":"11.4"}]
["Utiliza Manejo Integrado de Pragas (MIP)","-",null,"-"]
["Utiliza Hidroponia","-",null,"-"]
["Utiliza Plasticultura","-",null,"-"]
["Utiliza Mudas Fiscalizadas",61,null,{"v":18.769230769230766,"d":"18.8"}]
["Utiliza Semente Melhorada",8,null,{"v":2.4615384615384617,"d":"2.5"}]
["Faz Confinamento de Bovinos","-",null,"-"]
["Utiliza Pastejo Intensivo",4,null,{"v":1.2307692307692308,"d":"1.2"}]
["Faz Inseminação Artificial",1,null,{"v":0.3076923076923077,"d":"0.3"}]
["Faz Mineralização do Rebanho",38,null,{"v":11.692307692307693,"d":"11.7"}]
["Faz Vermifugação do Rebanho",91,null,{"v":28,"d":"28.0"}]
["Possui Parceiros /Arrendatários na Exploração Animal",51,null,{"v":15.692307692307692,"d":"15.7"}]
["Esporte e lazer",1,null,{"v":0.3076923076923077,"d":"0.3"}]
["Extração mineral","-",null,"-"]
["Hotel Fazenda, Pousada ou SPA","-",null,"-"]
["Pesque-pague","-",null,"-"]
["Restaurante ou Lanchonete","-",null,"-"]
["Transformação artesanal","-",null,"-"]
["Turismo rural ou ecoturismo","-",null,"-"]
["Outras atividades econômicas rurais","-",null,"-"]
["Agroindústria","-",null,"-"]
["Proprietário sem instrução ou com instrução incompleta",4,null,{"v":1.2307692307692308,"d":"1.2"}]
["Proprietário com antigo primário completo",123,null,{"v":37.84615384615385,"d":"37.8"}]
["Proprietário com 1° grau (ou antigo ginasial) completo",25,null,{"v":7.6923076923076925,"d":"7.7"}]
["Proprietário com 2° grau (ou antigo colegial) completo",78,null,{"v":24,"d":"24.0"}]
["Proprietário com curso superior completo ",79,null,{"v":24.307692307692307,"d":"24.3"}]
["Pessoa Jurídica",16,null,{"v":4.923076923076923,"d":"4.9"}]
["Proprietário residente na própria UPA ",52,null,{"v":16,"d":"16.0"}]
["Fonte: Secretaria de Agricultura e Abastecimento, CDRS/IEA, Projeto LUPA."]
[]
["TABELA 334.5 - Área Cultivada, Município de Mineiros do Tietê, Estado de São Paulo, 2007/08."]
["CULTURA","N.DE UPAs","MÍNIMO","MÉDIO","MÁXIMO","TOTAL"]
["Cana-de-acucar",271,0.3,50.5,644.6,{"v":13686.8,"d":"13,686.8"}]
["Braquiaria",89,0.2,{"v":20.89,"d":"20.9"},286.3,{"v":1858.8,"d":"1,858.8"}]
["Outras gramineas para pastagem",23,0.6,{"v":25.27,"d":"25.3"},435.8,581.3]
["Eucalipto",33,0.1,{"v":8.31,"d":"8.3"},75.3,274.1]
["Gramas",41,0.4,{"v":4.14,"d":"4.1"},{"v":13,"d":"13.0"},169.8]
["Cafe",35,0.2,{"v":4.77,"d":"4.8"},{"v":38,"d":"38.0"},166.9]
["Laranja-azeda",3,{"v":2,"d":"2.0"},{"v":44.07,"d":"44.1"},126.2,132.2]
["Coloniao",6,{"v":1,"d":"1.0"},{"v":16.08,"d":"16.1"},42.3,96.5]
["Tangerina",3,{"v":7,"d":"7.0"},{"v":31.43,"d":"31.4"},53.2,94.3]
["Capim-jaragua",1,78.2,78.2,78.2,78.2]
["Macadamia (ou noz-macadamia)",3,{"v":1,"d":"1.0"},25.7,39.8,77.1]
["Limao",5,2.5,{"v":14.92,"d":"14.9"},33.9,74.6]
["Capim-napier (ou capim-elefante)",9,0.5,{"v":4.26,"d":"4.3"},20.2,38.3]
["Cidra",2,12.1,{"v":18.05,"d":"18.1"},{"v":24,"d":"24.0"},36.1]
["Laranja",5,0.5,{"v":6.18,"d":"6.2"},24.4,30.9]
["Milho",13,0.1,{"v":2.27,"d":"2.3"},{"v":6,"d":"6.0"},29.5]
["Pomar domestico",38,0.1,{"v":0.44,"d":"0.4"},2.4,16.6]
["Ervas medicinais e aromaticas",1,12.9,12.9,12.9,12.9]
["Feijao",7,0.1,{"v":0.86,"d":"0.9"},{"v":2,"d":"2.0"},{"v":6,"d":"6.0"}]
["Banana",4,0.2,{"v":0.73,"d":"0.7"},1.4,2.9]
["Horta domestica",4,0.1,{"v":0.68,"d":"0.7"},1.1,2.7]
["Mandioca",2,1.2,1.2,1.2,2.4]
["Lichia",2,0.5,{"v":1,"d":"1.0"},1.5,{"v":2,"d":"2.0"}]
["Alface",3,0.5,0.5,0.5,1.5]
["Mamao",1,1.2,1.2,1.2,1.2]
["Manga",1,{"v":1,"d":"1.0"},{"v":1,"d":"1.0"},{"v":1,"d":"1.0"},{"v":1,"d":"1.0"}]
["Amendoim",1,0.6,0.6,0.6,0.6]
["Abacate",1,0.5,0.5,0.5,0.5]
["Floricultura para vaso",1,0.5,0.5,0.5,0.5]
["Repolho",1,0.4,0.4,0.4,0.4]
["Outras florestais",1,0.3,0.3,0.3,0.3]
["Couve (ou couve-crespa)",1,0.3,0.3,0.3,0.3]
["Chicoria (ou chicoria-de-folha-crespa)",1,0.3,0.3,0.3,0.3]
["Acelga",1,0.2,0.2,0.2,0.2]
["Brocolos (ou brocolis)",1,0.2,0.2,0.2,0.2]
["Cebolinha",1,0.2,0.2,0.2,0.2]
["Couve-flor",1,0.2,0.2,0.2,0.2]
["Coco-da-baia",1,0.1,0.1,0.1,0.1]
["Beterraba",1,0.1,0.1,0.1,0.1]
["Fonte: Secretaria de Agricultura e Abastecimento, CDRS/IEA, Projeto LUPA."]